Mozart (Registo nº 1869)

Detalhes MARC
000 -Etiqueta do registo
Cabeçalho 00973nam a22003491 4500
005 - Identificador da versão
Campo de controlo 20240813121918.0
095 ## -
-- PTBN00985434
010 ## - Número internacional normalizado dos livros (ISBN)
Número (ISBN) 9728146094
021 ## - Número do Depósito Legal
Código do país PT
Número 77788/94
100 ## - Dados gerais de processamento
Dados gerais de processamento 20070521d2001 cd y0pory5003 ba
102 ## - Pais de publicação ou produção
País de publicação Portugal
101 1# - Língua de publicação
Língua do texto, banda sonora, etc. Português
Língua do documento no original Inglês
106 ## - Campo de dados codificados: material textual
Dados codificados do material textual r
105 ## - Campo de dados codificados: livros
Dados codificados dos livros a z 000yy
215 ## - Descrição física 
Indicação específica da natureza do documento e extensão da espécie [22] p.
Outras indicações físicas il.
Dimensões 22 cm
200 1# - Titulo e menção de responsabilidade
Título próprio Mozart
Primeira menção de responsabilidade Ann Rachlin, Susan Hellard
Outras menções de responsabilidade trad. Teresa Guedes de Oliveira
225 2# - Colecção 
Título próprio da colecção Crianças famosas
205 ## - Menção da edição
Menção da edição 2ª ed.
210 ## - Publicação, Distribuição, etc. 
Lugar da edição, distribuição, etc. Porto
Nome do editor, distribuidor, etc. Campo das Letras
Data da publicação, distribuição, etc. 2001
300 ## - Notas gerais 
Texto da nota Obra integrada no Plano Nacional de Leitura
606 ## - Nome comum usado como assunto
Número de registo de entrada de autoridade 0000403
Palavra de ordem Biografia
Número de registo de entrada de autoridade 0000404
Palavra de ordem Compositores
675 ## - Classificação Decimal Universal (CDU)
Notação 929
Edição
Língua da edição por
702 #1 - Nome de autor-pessoa física (responsabilidade secundária)
Número de registo de entrada de autoridade 0000408
Palavra de ordem Oliveira
Outra parte do nome não tomada para palavra de ordem Teresa Guedes de
Código de função Tradutor
701 #1 - Nome de autor-pessoa física (co-responsabilidade principal)
Palavra de ordem Hellard
Outra parte do nome não tomada para palavra de ordem Susan
Código de função Autor / Co-autor
700 #1 - Nome de autor-pessoa física (responsabilidade principal)
Número de registo de entrada de autoridade 0000406
Palavra de ordem Rachlin
Outra parte do nome não tomada para palavra de ordem Ann
942 ## - Elementos de entrada adicionados (Koha)
Tipo de item no Koha Livro
Exemplares
Situação do levantamento Origin of item (home branch) (coded) Biblioteca de empréstimo Código de barras Cota Circulation type (not for loan) Tipo de documento Nota do exemplar Damaged status
  Biblioteca Escolar da Coca Maravilhas Biblioteca Escolar da Coca Maravilhas BECM7960/07 9BIO RAC   Livro Sem mensagem